000 00540nam a2200205Ia 4500
003 OSt
005 20241206120045.0
008 210324s9999||||xx |||||||||||||| ||und||
040 _cSTCPL
041 _aHIN
082 _aH4
_bPRE-K
100 _aPremchand
_qप्रेमचंद
245 0 _aKuch vichar /
_cby Premchand
_hकुछ विचार
260 _aNew Delhi :
_bSwaraswathi Prakashan Mandir ,
_c1939 .
300 _a152 p.
_bHB
650 _aHindi literature
650 _aHindi essays
942 _cBK
942 _2ddc
999 _c16450
_d16450